Una integración equitativa: rol del derecho en el Acuerdo de Cartagena
Guardat en:
| Autor principal: | |
|---|---|
| Format: | Llibre |
| Idioma: | espanyol |
| Publicat: |
Santiago
CPU
1975
|
| Col·lecció: | Ediciones CPU, 33
|
| Matèries: | |
| Etiquetes: |
Afegir etiqueta
Sense etiquetes, Sigues el primer a etiquetar aquest registre!
|
MARC
| LEADER | 00000nam a2200000 a 4500 | ||
|---|---|---|---|
| 001 | UCT9425 | ||
| 003 | CL-VaPUC | ||
| 008 | 970404e19750000CL |||||||||||||||||spa|d | ||
| 082 | 0 | 4 | |a 341.24 |b CAS |2 21 |
| 100 | 0 | |a Casanova, Manuel |e author |9 382096 | |
| 245 | 1 | 4 | |a Una integración equitativa: rol del derecho en el Acuerdo de Cartagena |
| 300 | |a 328 p | ||
| 942 | |c BK | ||
| 945 | |d 19970404 00:00:00 |a paguirre | ||
| 260 | |a Santiago |b CPU |c 1975 | ||
| 650 | 0 | |a Derecho internacional |9 255637 | |
| 650 | 0 | |a Tratados internacionales |9 256056 | |
| 650 | 0 | |a Acuerdos |9 367387 | |
| 650 | 0 | |a Mercado común |9 378790 | |
| 650 | 7 | |a COMERCIO INTERNACIONAL |2 CL-VaPUC |9 382097 | |
| 650 | 0 | |a Libre comercio |9 323018 | |
| 651 | 0 | |a América Latina |9 255027 | |
| 583 | |a last modification |c 19970404 00:00:00 |k Rodrigo Vera | ||
| 490 | 0 | |a Ediciones CPU, 33 | |
| 999 | |c 257826 |d 257824 | ||
| 952 | |0 0 |1 0 |4 0 |6 341_240000000000000_CAS_1975 |7 0 |8 A |9 281497 |a BIBDER |b BIBDER |d 2019-11-19 |i 1824775 |o 341.24 CAS 1975 |p 1824775 |r 2023-01-25 |w 2019-11-19 |y BK |k DER | ||
| 952 | |0 0 |1 0 |4 0 |6 341_240000000000000_CAS_1975 |7 0 |8 A |9 281498 |a BIBDER |b BIBDER |d 2019-11-19 |i 1824783 |o 341.24 CAS 1975 |p 1824783 |r 2019-11-19 |w 2019-11-19 |y BK |k DER | ||
| 952 | |0 0 |1 0 |4 0 |6 341_240000000000000_CAS_1975 |7 0 |8 A |9 281499 |a BIBHIS |b BIBHIS |d 2019-11-19 |i 1208225 |o 341.24 CAS 1975 |p 1208225 |r 2025-01-20 |w 2019-11-19 |y BK |k HIS | ||